Name all of the Minecraft Wolf Variants - Statistics

General Stats
  • This quiz has been taken 33 times
  • The average score is 7 of 9
Answer Stats
Biome Variant % Correct
Taiga Pale
83%
Grove Snowy
83%
Wooded Badlands Striped
83%
Old Growth Pine Taiga Black
78%
Savanna Plateau Spotted
72%
Old Growth Spruce Taiga Chestnut
67%
Sparse Jungle Rusty
67%
Snowy Taiga Ashen
61%
Forest Woods
61%
No matching quizzes found
Score Distribution
Percent of People with Each Score
Percentile by Number Answered
Your Score History
You have not taken this quiz